000 00665nam a2200193Ia 4500
003 GCL
008 140319s9999 xx 000 0 ara d
040 _aGCL /
_cGCL
082 0 4 _a891.7
_bج ا
100 1 _aابراهيم زكى خورشيد
245 1 0 _aامسيات قرب قرية ديكانكا (هدية من الاديب عبدالفتاح الجمل) /
_cابراهيم زكى خورشيد
700 1 _aجوجول، نيكولاى
300 _a323 ص
490 _a100 قصة
_v0
650 0 4 _aالقصص الروسية
650 0 4 _aالادب الروسى المترجم
650 0 4 _aالادب العالمى المترجم
942 _2ddc
_cBK
999 _c45879
_d45879